MARC details
| 000 -LEADER |
| fixed length control field |
01267cam a2200349 a 4500 |
| 001 - CONTROL NUMBER |
| control field |
14193964 |
| 003 - CONTROL NUMBER IDENTIFIER |
| control field |
OSt |
| 005 - DATE AND TIME OF LATEST TRANSACTION |
| control field |
20230605121224.0 |
| 008 - FIXED-LENGTH DATA ELEMENTS--GENERAL INFORMATION |
| fixed length control field |
051209s2005 ke ab b 001 0 eng |
| 010 ## - LIBRARY OF CONGRESS CONTROL NUMBER |
| LC control number |
2005326952 |
| 020 ## - INTERNATIONAL STANDARD BOOK NUMBER |
| International Standard Book Number |
9966940138 |
| 040 ## - CATALOGING SOURCE |
| Original cataloging agency |
DLC |
| Transcribing agency |
DLC |
| Modifying agency |
DLC |
| 043 ## - GEOGRAPHIC AREA CODE |
| Geographic area code |
f-ke--- |
| 050 00 - LIBRARY OF CONGRESS CALL NUMBER |
| Classification number |
JQ2947.A95 |
| Item number |
M65 2005 |
| 082 00 - DEWEY DECIMAL CLASSIFICATION NUMBER |
| Classification number |
324.9 |
| Item number |
MAU |
| 245 04 - TITLE STATEMENT |
| Title |
The Moi Succession : |
| Remainder of title |
The 2002 Elections in Kenya / |
| Statement of responsibility, etc. |
edited by Hervé Maupeu, Musambayi Katumanga, Winnie Mitullah ; with a foreword by W.O. Oyugi. |
| 260 ## - PUBLICATION, DISTRIBUTION, ETC. (IMPRINT) |
| Place of publication, distribution, etc. |
Nairobi : |
| Name of publisher, distributor, etc. |
Transafrica Press, |
| Date of publication, distribution, etc. |
2005. |
| 300 ## - PHYSICAL DESCRIPTION |
| Extent |
xiv, 434 p. : |
| Other physical details |
col. ill., maps ; |
| Dimensions |
21 cm. |
| 440 #0 - SERIES STATEMENT/ADDED ENTRY--TITLE |
| Title |
East African monographs ; |
| Volume/sequential designation |
no. 2 |
| 504 ## - BIBLIOGRAPHY, ETC. NOTE |
| Bibliography, etc |
Includes bibliographical references and index. |
| 610 10 - SUBJECT ADDED ENTRY--CORPORATE NAME |
| Corporate name or jurisdiction name as entry element |
Kenya. |
| Subordinate unit |
National Assembly |
| General subdivision |
Elections, 2002. |
| 650 #0 - SUBJECT ADDED ENTRY--TOPICAL TERM |
| Topical term or geographic name as entry element |
Elections |
| Geographic subdivision |
Kenya. |
| 650 #0 - SUBJECT ADDED ENTRY--TOPICAL TERM |
| Topical term or geographic name as entry element |
Presidents |
| Geographic subdivision |
Kenya |
| General subdivision |
Election |
| Chronological subdivision |
2002. |
| 650 #0 - SUBJECT ADDED ENTRY--TOPICAL TERM |
| Topical term or geographic name as entry element |
Presidents |
| Geographic subdivision |
Kenya |
| General subdivision |
Succession. |
| 700 1# - ADDED ENTRY--PERSONAL NAME |
| Personal name |
Maupeu, Hervé. |
| 700 1# - ADDED ENTRY--PERSONAL NAME |
| Personal name |
Katumanga, Musambayi. |
| 700 1# - ADDED ENTRY--PERSONAL NAME |
| Personal name |
Mitullah, W. V. |
| 856 41 - ELECTRONIC LOCATION AND ACCESS |
| Materials specified |
Table of contents |
| Uniform Resource Identifier |
<a href="http://www.loc.gov/catdir/toc/fy0601/2005326952.html">http://www.loc.gov/catdir/toc/fy0601/2005326952.html</a> |
| 906 ## - LOCAL DATA ELEMENT F, LDF (RLIN) |
| a |
7 |
| b |
cbc |
| c |
origode |
| d |
2 |
| e |
ncip |
| f |
20 |
| g |
y-gencatlg |
| 942 ## - ADDED ENTRY ELEMENTS (KOHA) |
| Source of classification or shelving scheme |
Dewey Decimal Classification |
| Koha item type |
Books |